Qui as dis ces citations arc La guerre au sommet - Statistiques

Statistiques générales
  • Ce quiz a été pris 27 fois
  • Le résultat moyen est 18 sur 20
Statistiques - réponses
Hint Réponse % Correct
Je vais utiliser tout le cola qu'il me reste pour une dernière attaque !! Franky
100%
Ne pensez qu'à fuir, c'est tout ce qui compte !! Dans l'état actuel des choses nous ne pouvons pas l'emportez face à eux !! Luffy
100%
Savez-vous ce qui s'est passé pendant le siècle oublié qui a débuté il y a tout juste 900 ans ?! Robin
100%
Je me suis trompé de bateau !! Zoro
100%
J'espère pour vous qu'il n'est rien à mon fils bien-aimé !! Barbe Blanche
94%
Je me dois d'être auprès de lui dans ces moments difficiles, c'est à ça que servent les amis !! Chopper
94%
Puisque nous ne pouvons pas récupérer Keimi par la force alors il ne nous reste plus qu'à jouer selon leur règles !! Nami
94%
Je vais faire appel aux exocet riders !! Sanji
94%
Je suis venu mettre fin à cette guerre !! Shanks
94%
Je me charge de l'emmener, confie-le-moi !! Je suis médecin !! Trafalgar law
94%
Alors c'est clair pour moi : il aura besoin de ma puissance !! Usopp
94%
Merci de m'avoir aimé !! Ace
88%
Les pirates représenterais le mal, la marine la justice ?! Un enfant qui n'a jamais connu la paix et un enfant qui n'a jamais connu la guerre ne voient pas le monde de la même façon !! "Justice vaincra", vous dites ?! La justice est toujours du côté des vainqueurs !! Doflamingo
88%
Comment as-tu osé maltraiter mon bien-aimé ?! Hancock
88%
Voici ton châtiment misérable intrus. Tu vas souffrir pendant 24h puis sombrer définitivement en enfer ! Magellan
88%
ça fais longtemps qu'on s'est pas vu, chapeau de paille ! Crocodile
82%
Je suis même prêt à sacrifier ma vie pour empêcher cette guerre !! Jinbe
82%
Dans quelques heures à peine, nous vous offrons un spectacles que le monde n'est pas prête d'oublier !! Barbe noir
76%
Ne vous inquiétais pas. Tout ira bien, puisqu’ils vont passer un pacte avec le diable ! Brook
76%
Laisse donc ces jeunes pousses tranquilles, leur ère ne fais que commencer !! Rayleigh
71%
Aucun quiz correspondant
Distribution des résultats
% des personnes avec chaque résultat
Percentile par nombre de réponses
Votre historique - résultats
Vous n’avez pas pris ce quiz